=LDR 00000nam 2200000 4500 =001 INLIS000000000044429 =005 20200805021848 =035 ##$$a 0010-101300000002351 =008 200805################g##########0#ind## =041 ##$$a Ind =082 ##$$a 297.64 =090 ##$$a 297.64 ABU s =100 ##$$a Abuddin Nata =245 1#$$a Sejarah pendidikan islam : $b Pada periode klasik dan pertengahan /$c Prof. Dr. H. Abuddin Nata, M.A.(Ed.) =260 ##$$a Jakarta :$b Raja Grafindo Persada,$c 2013 =300 ##$$a 304 hlm. ; $c 20 x 13 cm. =850 ##$$a NBPNMAT =020 ##$$a 979-3654-02-3 =084 ##$$a 297.64 ABU s =250 ##$$a cet. 4 =650 #4$$a Sejarah Islam =990 ##$$a 21302553 =990 ##$$a 21302550 =990 ##$$a 21302549 =990 ##$$a 21302551 =990 ##$$a 00044977 =990 ##$$a 21302552 =990 ##$$a 21302549 =990 ##$$a 21302553 =990 ##$$a 21302550 =990 ##$$a 21302551 =990 ##$$a 00044977 =990 ##$$a 21302552